<?xml version="1.0" encoding="UTF-8"?>
<marc:record xmlns:marc="http://www.loc.gov/MARC21/slim">
   <marc:leader>00000nam a2200000 a 4500</marc:leader>
   <marc:datafield ind1="1" ind2=" " tag="100">
      <marc:subfield code="a">Patterson, James</marc:subfield>
      <marc:subfield code="4">aut</marc:subfield>
      <marc:subfield code="e">Verfasser/-in</marc:subfield>
   </marc:datafield>
   <marc:datafield ind1="1" ind2=" " tag="100">
      <marc:subfield code="a">Strohm, Leo</marc:subfield>
   </marc:datafield>
   <marc:datafield ind1=" " ind2=" " tag="653">
      <marc:subfield code="a">Thriller</marc:subfield>
   </marc:datafield>
   <marc:datafield ind1="0" ind2="0" tag="245">
      <marc:subfield code="a">Die Tote Nr. 12</marc:subfield>
   </marc:datafield>
   <marc:datafield ind1="0" ind2="0" tag="245">
      <marc:subfield code="b">Thriller</marc:subfield>
   </marc:datafield>
   <marc:datafield ind1="0" ind2="0" tag="245">
      <marc:subfield code="c">James Patterson. Deutsch von Leo Strohm</marc:subfield>
   </marc:datafield>
   <marc:datafield ind1=" " ind2="1" tag="264">
      <marc:subfield code="a">München</marc:subfield>
      <marc:subfield code="b">Limes</marc:subfield>
      <marc:subfield code="c">2015</marc:subfield>
   </marc:datafield>
   <marc:datafield ind1="1" ind2=" " tag="520">
      <marc:subfield code="a">Lindsay Boxer hat gerade eine Tochter zur Welt gebracht und genießt die Zeit zu Hause mit ihrem Baby. Doch das unbeschwerte Glück währt nicht lange, denn sie wird zurück zum Dienst beordert: Die Freundin eines bekannten Sportlers wurde erschossen. Ihre Leiche verschwand wenig später spurlos aus der Rechtsmedizin. Außerdem sagt ein exzentrischer Englischprofessor regelmäßig Mordfälle voraus, die kurz darauf exakt wie beschrieben eintreffen. Die Polizei tappt in beiden Fällen völlig im Dunkeln. Doch Lindsay Boxer steht eine noch größere Herausforderung bevor: Ein verurteilter Serienmörder hat nach ihr verlangt und will ihr seine dunkelsten Geheimnisse anvertrauen</marc:subfield>
   </marc:datafield>
   <marc:datafield ind1=" " ind2=" " tag="020">
      <marc:subfield code="a">9783809026556</marc:subfield>
      <marc:subfield code="9">9783809026556</marc:subfield>
   </marc:datafield>
   <marc:datafield ind1=" " ind2=" " tag="020">
      <marc:subfield code="a">3809026557</marc:subfield>
      <marc:subfield code="9">3809026557</marc:subfield>
   </marc:datafield>
   <marc:datafield ind1=" " ind2=" " tag="300">
      <marc:subfield code="a">379 S.</marc:subfield>
   </marc:datafield>
</marc:record>
